000 00347nam a22001453 4500
001 206955
005 20250828120543.0
090 _a206955
100 _a20250828 ukry50
101 _aukr
102 _aUA
200 _a
210 _d2025
801 _2unimarc
_aUA
_gpsbo
942 _cNEWSPAPER